Online Catalogue and eLibrary

Ideological conflicts in Indian nationalism : (Record no. 485)

MARC details
000 -LEADER
fixed length control field 00489nam a22001457a 4500
005 - DATE AND TIME OF LATEST TRANSACTION
control field 20240226032239.0
008 - FIXED-LENGTH DATA ELEMENTS--GENERAL INFORMATION
fixed length control field 240226b |||||||| |||| 00| 0 eng d
082 ## - DDC Classification
DDC Edition Number 22
Class No. 320.540954.
Item Number - Author Mark IDE.
100 ## - MAIN ENTRY--PERSONAL NAME
Personal name Rajasekharaiah, A.M. DR.
245 ## - TITLE STATEMENT
Title Ideological conflicts in Indian nationalism :
Remainder of title Lala Lajpat rai's role in pregandhian political development /
Statement of responsibility, etc. Dr. A.M. Rajasekharai.ah
260 ## - PUBLICATION, DISTRIBUTION, ETC.
Place of publication, distribution, etc. Madras :
Name of publisher, distributor, etc. University of Madras /
Date of publication, distribution, etc. 1979.
300 ## - PHYSICAL DESCRIPTION
Extent (e.g. Volumes, Pages etc.) 64 p.,
650 ## - SUBJECT ADDED ENTRY--TOPICAL TERM
Topical term or geographic name entry element Nationalism.
942 ## - Koha item type (Biblio)
Koha item type Books in Stacks (Lending)
Holdings
Lost status Damaged status Collection code Home library Current library Date acquired Full call number Accession Number Item type
    Lending WERC Library WERC Library 02/26/2024 320.540954. IDE. 652 Books in Stacks (Lending)

© WERC Library